Spacecraft systems engineering (Record no. 8635)
[ view plain ]
| 000 -LEADER | |
|---|---|
| fixed length control field | 00811 a2200229 4500 |
| 020 ## - INTERNATIONAL STANDARD BOOK NUMBER | |
| International Standard Book Number | 0470851023 |
| 020 ## - INTERNATIONAL STANDARD BOOK NUMBER | |
| International Standard Book Number | 0471619515 |
| 040 ## - CATALOGING SOURCE | |
| Original cataloging agency | DLC |
| Language of cataloging | DLC |
| 082 00 - DEWEY DECIMAL CLASSIFICATION NUMBER | |
| Classification number | 629.474 |
| 245 00 - TITLE STATEMENT | |
| Title | Spacecraft systems engineering |
| Statement of responsibility, etc. | edited by Peter Fortescue, John Stark, Graham Swinerd |
| 250 ## - EDITION STATEMENT | |
| Edition statement | 3rd ed. |
| 260 ## - PUBLICATION, DISTRIBUTION, ETC. | |
| Place of publication, distribution, etc. | New York : |
| Name of publisher, distributor, etc. | J. Wiley, |
| Date of publication, distribution, etc. | c2003. |
| 300 ## - PHYSICAL DESCRIPTION | |
| Extent | xxvi, 678 p. : |
| Other physical details | ill. ; |
| Dimensions | 25 cm. |
| 650 #0 - SUBJECT ADDED ENTRY--TOPICAL TERM | |
| Topical term or geographic name entry element | Space vehicles |
| General subdivision | Design and construction. |
| 650 #0 - SUBJECT ADDED ENTRY--TOPICAL TERM | |
| Topical term or geographic name entry element | Astronautics |
| General subdivision | Systems engineering. |
| 700 1# - ADDED ENTRY--PERSONAL NAME | |
| Personal name | Fortescue, Peter W. |
| 700 1# - ADDED ENTRY--PERSONAL NAME | |
| Personal name | Stark, John. |
| 700 1# - ADDED ENTRY--PERSONAL NAME | |
| Personal name | Swinerd, Graham. |
| 856 41 - ELECTRONIC LOCATION AND ACCESS | |
| Materials specified | Table of contents |
| Uniform Resource Identifier | <a href="http://www.loc.gov/catdir/toc/wiley041/2002028089.html">http://www.loc.gov/catdir/toc/wiley041/2002028089.html</a> |
| 856 41 - ELECTRONIC LOCATION AND ACCESS | |
| Materials specified | Publisher description |
| Uniform Resource Identifier | <a href="http://www.loc.gov/catdir/description/wiley039/2002028089.html">http://www.loc.gov/catdir/description/wiley039/2002028089.html</a> |
| 942 ## - ADDED ENTRY ELEMENTS (KOHA) | |
| Koha item type | Book |
| Call number prefix | 629.474 FOR |
| Source of classification or shelving scheme | |
| Withdrawn status | Lost status | Damaged status | Not for loan | Collection code | Permanent Location | Current Location | Shelving location | Date acquired | Source of acquisition | Cost, normal purchase price | Total Checkouts | Total Renewals | Full call number | Barcode | Date last seen | Date last checked out | Price effective from | Koha item type |
|---|---|---|---|---|---|---|---|---|---|---|---|---|---|---|---|---|---|---|
| Central Library (CL) | Central Library (CL) | General Stacks | 02/04/2008 | Progressive International Agencies | 6317.90 | 1 | 3 | 629.474 FOR | SEECS008900 | 01/20/2020 | 10/11/2019 | 01/05/2017 | Book |
